000 00987nam a2200265Ia 4500
003 OSt
005 20221005103653.0
006 a|||||r|||| 00| 0
007 ta
008 221004b |||||||| |||| 00| 0 hin d
020 _a9788179758199 (hbk)
_cINR 700.00
024 _a41960
037 _b306, 15/03/2019, Shivalik Prakashan
_cTextual
040 _aCRL
_cCRL
_bhin
041 _2hin
_ahin
082 _a4, 152Q8
100 _aराकेश कुमार, ले.
245 0 _aहमारा समय संस्कृति और नया मीडिया
246 _aHamārā samaya sanskṛuti aur nayā mīḍiyā
260 _aदिल्ली
_bअनामिका पब्लिशर्स भारत
_c2018
300 _a260पृ0
_ccm.
650 _aपत्रकारिता
942 _h4, 152Q8
_cTEXL
_2cc
999 _c1010572
_d1010572